000 00451nam a2200157Ia 4500
008 240729s9999 xx 000 0 und d
022 _a1877-6345
245 0 _aEmpirical Research in Vocational Education and Training
260 _aUnited Kingdom
260 _bSpringerOpen
650 _a Special aspects of education
650 _aEducation
856 _uhttps://doaj.org/toc/342576cf9f7c424b826ca76184c26abc
942 _2ddc
942 _cDOAJEJ
999 _c71619
_d71619
945 _a1
_bMadushi Gamage
_c1
_dMadushi Gamage